European Countries by Two Words - Statistics

General Stats
  • This quiz has been taken 1,011 times
  • The average score is 33 of 45
Answer Stats
Hint Answer % Correct
pizza, Renaissance Italy
96%
Putin, vodka Russia
95%
ABBA, IKEA Sweden
94%
Eiffel, brie France
93%
Buckingham, tea United Kingdom
93%
vikings, island Iceland
92%
bikes, windmills Netherlands
92%
saunas, Nokia Finland
91%
Chernobyl, borscht Ukraine
91%
waffles, chocolate Belgium
90%
fjords, Elsa Norway
90%
paella, Picasso Spain
89%
Iberia, spices Portugal
88%
edelweiss, Mozart Austria
87%
island, Catholic Malta
86%
vampires, Dacia Romania
86%
matterhorn, yodeling Switzerland
85%
Lego, happy Denmark
84%
schnitzel, printing-press Germany
83%
dictatorship, eastern Belarus
82%
potatoes, Shannon Ireland
81%
Latin, small Vatican City
81%
smoking, catalan Andorra
79%
Rubik, Magyar Hungary
77%
disputed, Islamic Kosovo
75%
Baltic, pagans Latvia
73%
orthodox, Alexander Greece
72%
Kelly, millionaires Monaco
71%
pierogi, Jadwiga Poland
67%
Melania, caves Slovenia
67%
Dalmatia, neck-tie Croatia
63%
cars, beer Czech Republic
63%
Skype, atheist Estonia
62%
Henri, tax haven Luxembourg
62%
Tesla, raspberries Serbia
59%
oldest, Marinus San Marino
58%
richest, teeth Liechtenstein
57%
poor, wine Moldova
56%
bunkers, Teresa Albania
53%
basketball, women Lithuania
52%
Lovcen, Kotor Montenegro
51%
mines, WWI Bosnia and Herzegovina
49%
castles, hockey Slovakia
49%
roses, wrestling Bulgaria
44%
cyrillic, Kokino Macedonia
38%
No matching quizzes found
Score Distribution
Percent of People with Each Score
Percentile by Number Answered
Your Score History
You have not taken this quiz